000 00226nam a2200097Ia 4500
008 170619s9999 xx 000 0 und d
100 _aYoder- E.J.
245 0 _aPrinciples of Pavement Design
260 _bWiley-India
260 _c2011
546 _aENGLISH
999 _c20626
_d20626